Desert temples (Record no. 130382)

MARC details
000 -LEADER
fixed length control field 00943nam a2200277Ia 4500
003 - CONTROL NUMBER IDENTIFIER
control field OSt
005 - DATE AND TIME OF LATEST TRANSACTION
control field 20220918165548.0
008 - FIXED-LENGTH DATA ELEMENTS--GENERAL INFORMATION
fixed length control field 220917b |||||||| |||| 00| 0 eng d
020 ## - INTERNATIONAL STANDARD BOOK NUMBER
International Standard Book Number 8131601064 (hbk)
037 ## - SOURCE OF ACQUISITION
Terms of availability Textual
040 ## - CATALOGING SOURCE
Original cataloging agency ARTS
Transcribing agency ARTS
Language of cataloging eng
041 ## - LANGUAGE CODE
Source of code eng
Language code of text/sound track or separate title eng
100 ## - MAIN ENTRY--PERSONAL NAME
Personal name Babb Lawrence A.
9 (RLIN) 24809
245 #0 - TITLE STATEMENT
Title Desert temples
Remainder of title Sacred centers of Rajasthan in historical, art - historical, and social contexts
260 ## - PUBLICATION, DISTRIBUTION, ETC.
Place of publication, distribution, etc. Jaipur
Name of publisher, distributor, etc. Rawat Publications India
Date of publication, distribution, etc. 2008
300 ## - PHYSICAL DESCRIPTION
Extent xiv, 208p.
Dimensions cm.
650 ## - SUBJECT ADDED ENTRY--TOPICAL TERM
Topical term or geographic name entry element ARTS
700 ## - ADDED ENTRY--PERSONAL NAME
Personal name Cort John E.
9 (RLIN) 14379
700 ## - ADDED ENTRY--PERSONAL NAME
Personal name Meister Michael W.
942 ## - ADDED ENTRY ELEMENTS (KOHA)
Classification part N1282:9(Q), P8
Koha item type Textual
Source of classification or shelving scheme Colon Classification (CC)
Holdings
Withdrawn status Lost status Damaged status Not for loan Home library Current library Date acquired Source of acquisition Cost, normal purchase price Total Checkouts Full call number Barcode Date last seen Cost, replacement price Price effective from Koha item type
        Arts Library Arts Library 2022-09-18 250, 20/11/2008, Bharatiya Sahitya Bhavana 695.00   N1282:9(Q) P8 AL1337534 2022-09-18 695.00 2022-09-18 Textual
Copyright @ Delhi University Library System